| 000 | 00378pam a2200157 a 4500 | ||
|---|---|---|---|
| 020 |
_a9789350905128 _c |
||
| 041 | _h | ||
| 082 |
_a617.3 _bKAR |
||
| 100 | _aKARTHIKEYAN G. | ||
| 245 |
_aMANUAL RECONSTRUCTIVE HAND SURGERY _hTextual Documents |
||
| 250 | _a1. | ||
| 260 |
_bJAYPEE BROTHERS MEDICAL PUB. _c2013 |
||
| 300 |
_a327: _bXX; _cHB. |
||
| 930 | _a6447 | ||
| 999 |
_c800974 _d800974 |
||
| 650 | _aORTHO | ||